000 00186nam a22000977a 4500
020 _a9780861637775
082 _aK390
245 _aTALES OF WIZARDS & WITCHES
300 _a60P
942 _cBK
999 _c2445
_d2445